000 00425cam a22001217a 4500
008 180718b1984 xxu||||| |||| 00| 0 eng d
082 _aR1 MHR/8/84
100 _aSingh, Jaideep
245 _aEighth course on new dimensions in the management of human resources (February 13-18, 1984)
260 _aNew Delhi
_bIndian Institute of Public Administration
_c1984
300 _av.p.
700 _aManagement Development Programme- II
999 _c503504
_d503504